000 00752nas a2200253 4500
001 BR8803630
003 BR-BrBNA
005 20231205091158.0
007 ta
008 230509b bl.|||p| |||| 00| 00por d
040 _aBR-BrBNA
_bpor
_cBiblioteca Nacional de Agricultura
041 _a(Pt)
072 _aH20
100 1 _aMalavolta Junior, V.A.
100 1 _aRodrigues Neto, J.
100 1 _aCarvalho, M.L.V.
245 1 _aEstudos sobre a sobrevivencia da bacteria agente causal do cancro citrico
650 _aFRUTA CITRICA
650 _aCANCRO CITRICO
650 _aBACTERIA
773 0 _tLaranja (Brazil)
_xISSN 0102-1907
_g(Dec 1987), v. 1(8) p. 125-132
_wBR8803630
909 _a202311
_bLúcia
_c55
_dLúcia Elande
942 _2AGRIS
_n0
_cANA
999 _c123364
_d123364